00474nam a2200145 a 4500020001800000082001600018100002000034245003600054260005400090300001000144500003500154505010400189650001600293700001900309 a817435X 00a340.59bRAH a Rahman, Fazlur aIslamic Methodology in History. aNew Delhi bAdam Publisher and Distributer c1994 a208p. aincludes index and biblioraphy2 aThis Book Fulfils the Need of an Overall History of Islam Which Should Present the History of Islam aIslamic-Law1 aFazlur, Rahman